| 000 | 00633nam a2200229 a 4500 | ||
|---|---|---|---|
| 005 | 20140310183411.0 | ||
| 008 | 070702s19uu xx 00 eng d | ||
| 020 | _a9780066620992 | ||
| 050 |
_aHD 57.7 _b.C645 2001 |
||
| 100 | _aCollins, Jim | ||
| 245 |
_aGood to great / _cJim Collins |
||
| 260 |
_aU.S.A : _bHarper and Collins Publishers, _c2001. |
||
| 300 |
_a300 p. : _bill. ; _c23 cm. |
||
| 521 | _aBSBA | ||
| 650 | _aLeadership. | ||
| 650 | _aStrategic planning. | ||
| 650 | _aOrganizational change. | ||
| 650 |
_aTechnological innovations _xManagement. |
||
| 942 |
_cBK _2lcc _kFOR |
||
| 999 |
_c22503 _d22503 |
||